Welcome to the Holygrace Academy Library

Please use search bar below to get started

BASICS OF MATHEMATICS (Record no. 1314)

MARC details
000 -LEADER
fixed length control field 00290nam a22001217a 4500
082 ## - DEWEY DECIMAL CLASSIFICATION NUMBER
Classification number 510
Item number ANJ/B
100 ## - MAIN ENTRY--AUTHOR NAME
Personal name ANJU
245 ## - TITLE STATEMENT
Title BASICS OF MATHEMATICS
Remainder of title EVERYTHING YOU NEED TO ACE MATHS
260 ## - PUBLICATION, DISTRIBUTION, ETC. (IMPRINT)
Place of publication MALA
Name of publisher HOLYGRACE ACADEMY
300 ## - PHYSICAL DESCRIPTION
Number of Pages 92
650 ## - SUBJECT ADDED ENTRY--TOPICAL TERM
Topical Term TGT MATHEMATICS
Geographic subdivision INDIA
942 ## - ADDED ENTRY ELEMENTS (KOHA)
Koha item type Books
Holdings
Withdrawn status Lost status Collection code Home library Current library Shelving location Date acquired Source of acquisition Full call number Accession Number Koha item type
    Reference Main Library Main Library SHELF-5 A REFERENCE MATHS 09/12/2022 purchase 510 ANJ/B 12756 Books